Statistics for Demonyms Quiz

Click here to take the quiz!

General Stats

  • This quiz has been taken 125,719 times
    (97,995 since last reset)
  • The average score is 19 of 33

Answer Stats

A Person FromIs Called...% Correct
the United Statesan {American}
99%
Canadaa {Canadian}
95%
Texasa {Texan}
91%
Romea {Roman}
91%
Polanda {Pole}
88%
the Netherlands{Dutch}
87%
Iraqan {Iraqi}
85%
Parisa {Parisian}
84%
Switzerland{Swiss}
84%
Perua {Peruvian}
84%
Philippinesa {Filipino}
78%
Denmarka {Dane}
77%
Spaina {Spaniard}
77%
Wales{Welsh}
74%
Londona {Londoner}
68%
New Zealand (slang)a {Kiwi}
64%
Berlina {Berliner}
60%
Venicea {Venetian}
59%
Troya {Trojan}
58%
Cyprusa {Cypriot}
43%
Flanders{Flemish}
36%
Canada (slang)a {Canuck}
32%
Liverpoola {Liverpudlian}
32%
Phoenixa {Phoenician}
29%
Moscowa {Muscovite}
28%
Genoa{Genoese}
27%
Birmingham (slang)a {Brummie}
25%
Liverpool (slang)a {Scouser}
24%
Indianaa {Hoosier}
22%
Naplesa {Neapolitan}
21%
Los Angelesan {Angeleno}
17%
Brittanya {Breton}
17%
Michigan's UPa {Yooper}
7%

Score Distribution

Percentile by Number Answered

Percent of People with Each Score

Your Score History

You have not taken this quiz since the last reset